000
00310nam a22001217a 4500
008
160513b xxu||||| |||| 00| 0 eng d
020
_a
9780910761611
020
_a
0910761612
041
_a
eng
080
_a
611
245
_a
Neonatal resuscitation:
_c
By Ronald S. Bloom MD; Catherine Cropley;
942
_2
udc
_c
BK
999
_c
2146
_d
2146